000 nam a22 a 4500
999 _c2526
_d2526
005 20170517104851.0
008 170517b1999 enk||||| |||| 00| 0 eng d
020 _a0751306762
_c£4.99
040 _aAKMAL
082 _a616.238 AYR
090 _a616.238
_bAYR
100 _aAyres, J. G.
_95253
245 1 4 _aThe British Medical Association family doctor guide to asthma /
_cJon Ayres ; medical editor, Tony Smith.
260 _aLondon
_bDorling Kindersley
_c1999.
300 _a96 p.
_bcol. ill.
_c21cm
500 _aIncludes index.
650 0 _aAsthma
_vPopular works.
_95254
700 1 _aSmith, Tony
_cDr.
_95251
710 2 _aBritish Medical Association.
_95252
852 _aBritish Library
_bHMNTS
942 _2ddc
_cBOOK